Statistics for Top 15 Countries with Covid-19 Deaths - 1 October 2022

Click here to take the quiz!

General Stats

  • This quiz has been taken 29 times
  • The average score is 16 of 28

Answer Stats

country% Correct
United States
100%
Mexico
96%
United Kingdom
96%
France
92%
Germany
92%
India
92%
Italy
92%
Brazil
88%
Russia
88%
Poland
73%
Argentina
69%
Indonesia
65%
Colombia
62%
Peru
54%
Iran
50%
Czechia
46%
Bulgaria
38%
Romania
38%
Greece
35%
Hungary
35%
Croatia
31%
Slovakia
31%
Slovenia
31%
Bosnia and
Herzegovina
23%
Latvia
23%
Lithuania
23%
North Macedonia
19%
Georgia
15%

Score Distribution

Percentile by Number Answered

Percent of People with Each Score

Your Score History

You have not taken this quiz